【プロ野球】2026年の福岡ソフトバンクホークスの選手 - Statistics

General Stats
  • This quiz has been taken 38 times
    4 since last reset
  • The average score is 44 of 65
Answer Stats
Hint Answer % Correct
2 スチュワート・ジュニア
100%
10 上沢直之
100%
11 津森宥紀
100%
47 大関友久
100%
63 ヘルナンデス
100%
66 松本裕樹
100%
68 木村光
100%
00 渡邉陸
100%
39 山本祐大
100%
45 谷川原健太
100%
62 海野隆司
100%
0 川瀬晃
100%
4 ダウンズ
100%
5 山川穂高
100%
7 中村晃
100%
24 栗原陵矢
100%
3 近藤健介
100%
9 柳田悠岐
100%
23 周東佑京
100%
31 正木智也
100%
32 柳町達
100%
77 山本恵大
100%
13 稲川竜汰
67%
16 東浜巨
67%
18 徐若熙
67%
19 大津亮介
67%
26 鈴木豪太
67%
30 中村稔弥
67%
35 モイネロ
67%
40 杉山一樹
67%
41 前田悠伍
67%
48 藤井皓哉
67%
49 松本晴
67%
51 前田純
67%
54 オスナ
67%
58 木村大成
67%
64 上茶谷大河
67%
12 嶺井博希
67%
65 藤田悠太郎
67%
6 今宮健太
67%
8 牧原大成
67%
33 廣瀨隆太
67%
36 イヒネイツア
67%
52 秋広優人
67%
56 髙橋隆慶
67%
99 野村勇
67%
44 笹川吉康
67%
57 緒方理貢
67%
61 川村友斗
67%
20 村上泰斗
33%
22 藤原大翔
33%
27 岩井俊介
33%
28 安德駿
33%
34 アルメンタ
33%
42 伊藤優輔
33%
50 相良雅斗
33%
53 大山凌
33%
60 大野稼頭央
33%
69 岩崎峻典
33%
55 石塚綜一郎
33%
25 庄子雄大
33%
29 大江竜聖
0%
59 大竹風雅
0%
46 宇野真仁朗
0%
67 石見颯真
0%
No matching quizzes found
Score Distribution
Percent of People with Each Score
Percentile by Number Answered
Your Score History
You have not taken this quiz since the last reset